Parcours de l'OGC Nice en coupe de France saison 2021/2022 - Statistiques

Statistiques générales
  • Ce quiz a été pris 56 fois
  • Le résultat moyen est 4 sur 6
Statistiques - réponses
Niveau de la compétition Réponse % Correct
Finale FC Nantes
98%
8ème de finale Paris Saint-Germain
94%
1/4 de finale Olympique de Marseille
78%
1/2 finale Football Club de Versailles 78
63%
16ème de finale Paris FC / Olympique Lyonnais / Tapis Vert
59%
32ème de finale SO Cholet
35%
Aucun quiz correspondant
Distribution des résultats
% des personnes avec chaque résultat
Percentile par nombre de réponses
Votre historique - résultats
Vous n’avez pas pris ce quiz